[Event "First Saturday GM Dec 2013"]
[Site "Budapest"]
[Date "2013.12.07"]
[Round "1.1"]
[White "Petre, Nad-Titus"]
[Black "Farago, Ivan"]
[Result "1/2-1/2"]
[WhiteElo "2364"]
[BlackElo "2476"]
[PlyCount "83"]
[EventDate "2013.12.07"]

1. c4 Nf6 2. g3 c6 3. Nf3 d5 4. b3 Bg4 5. Bg2 e6 6. Bb2 Be7 7. O-O O-O 8. d3
Nbd7 9. Nbd2 a5 10. a3 Re8 11. h3 Bh5 12. Re1 Bf8 13. d4 b5 14. c5 Qc7 15. b4
Bg6 16. Nb3 a4 17. Nc1 Ne4 18. Ne5 f6 19. Nxg6 hxg6 20. e3 f5 21. Nd3 Be7 22.
Ne5 Nxe5 23. dxe5 Kf7 24. Re2 Rh8 25. Qe1 Ng5 26. h4 Nh7 27. f4 Nf8 28. Bf3 Nd7
29. Bd4 Rh6 30. Rh2 Rah8 31. Raa2 R8h7 32. Rh1 Qd8 33. Rah2 Qh8 34. Qe2 Bd8 35.
Qg2 Be7 36. Be2 Qd8 37. Rh3 Qh8 38. Bf1 Qf8 39. R1h2 Rh5 40. Qc2 Qh8 41. Qg2
Qf8 42. Qc2 1/2-1/2

[Event "First Saturday GM Dec 2013"]
[Site "Budapest"]
[Date "2013.12.07"]
[Round "1.2"]
[White "Maksimovic, Branimir"]
[Black "Korpa, Bence"]
[Result "0-1"]
[WhiteElo "2398"]
[BlackElo "2356"]
[PlyCount "114"]
[EventDate "2013.12.07"]

1. d4 d5 2. c4 c6 3. cxd5 cxd5 4. Nc3 Nf6 5. Bf4 Nc6 6. e3 a6 7. Bd3 Bg4 8. f3
Bh5 9. Qb3 Na5 10. Qa4+ Nc6 11. Rc1 Bg6 12. Bxg6 hxg6 13. Nh3 e6 14. O-O Bd6
15. Ne2 O-O 16. Nf2 Rc8 17. Nd3 Bxf4 18. Nexf4 Nd7 19. Nc5 Nxc5 20. Rxc5 Ne7
21. Rfc1 Rxc5 22. Rxc5 Nf5 23. Qb3 Qb8 24. Ne2 Rc8 25. Rxc8+ Qxc8 26. e4 dxe4
27. fxe4 Nd6 28. Qc3 Qd8 29. e5 Nf5 30. g4 Nh4 31. Qg3 g5 32. Qb3 Qc7 33. Qc3
Qd7 34. Qc4 b5 35. Qc5 Qb7 36. d5 Nf3+ 37. Kf1 Qxd5 38. Qxd5 exd5 39. h3 Nxe5
40. Nc3 d4 41. Ne4 f6 42. Nc5 a5 43. Nb3 Nc6 44. Ke2 Kf7 45. Kd3 Ke6 46. Ke4
Kd6 47. Nc1 g6 48. b3 Ke6 49. a4 f5+ 50. Kd3 bxa4 51. bxa4 Kd5 52. Nb3 f4 53.
Nd2 Ne5+ 54. Ke2 d3+ 55. Kf2 Kd4 56. Ke1 Kc3 57. Kd1 f3 0-1

[Event "First Saturday GM Dec 2013"]
[Site "Budapest"]
[Date "2013.12.07"]
[Round "1.3"]
[White "Nakhbayeva, Guliskhan"]
[Black "Arngrimsson, Dagur"]
[Result "0-1"]
[WhiteElo "2277"]
[BlackElo "2378"]
[PlyCount "76"]
[EventDate "2013.12.07"]

1. d4 d5 2. c4 c6 3. Nc3 dxc4 4. e4 b5 5. a4 b4 6. Nb1 Nf6 7. e5 Nd5 8. Bxc4 e6
9. Nf3 Be7 10. O-O a5 11. Nbd2 O-O 12. Ne4 Ba6 13. Qc2 Nd7 14. Bg5 Bxg5 15.
Bxa6 Be7 16. Qxc6 Ra7 17. Bc4 Nf4 18. g3 Qb8 19. Nc5 Nxc5 20. dxc5 Ng6 21. Qe4
Bxc5 22. h4 Rd8 23. h5 Nf8 24. h6 g6 25. Qf4 Nd7 26. Ng5 Nxe5 27. Qf6 Bf8 28.
Rad1 Re8 29. Bb5 Bxh6 30. Bxe8 Bxg5 31. Bxf7+ Rxf7 32. Qxe6 Nf3+ 33. Kg2 Nd2
34. Rfe1 Qb7+ 35. Kh3 Qf3 36. Qe5 Qh5+ 37. Kg2 Rxf2+ 38. Kxf2 Qh2# 0-1

[Event "First Saturday GM Dec 2013"]
[Site "Budapest"]
[Date "2013.12.07"]
[Round "1.5"]
[White "Kosic, Dragan"]
[Black "Hujbert, Florian"]
[Result "1-0"]
[WhiteElo "2515"]
[BlackElo "2454"]
[PlyCount "59"]
[EventDate "2013.12.07"]

1. d4 d5 2. Nf3 Nf6 3. c4 c6 4. e3 e6 5. b3 Nbd7 6. Bb2 g6 7. Bd3 Bg7 8. Nbd2
O-O 9. O-O Re8 10. h3 b6 11. Rc1 Bb7 12. Qe2 Qc7 13. Rfd1 a5 14. a4 Rad8 15.
Nb1 Ne4 16. Nc3 Ndf6 17. Qc2 Nxc3 18. Bxc3 c5 19. dxc5 Qxc5 20. Bd4 Qb4 21. c5
Ne4 22. c6 Bxd4 23. Nxd4 Ba8 24. c7 Rc8 25. Bxe4 dxe4 26. Nb5 Bd5 27. Rd4 Qc5
28. Qxc5 bxc5 29. Rxc5 Re7 30. Rd1 1-0

[Event "First Saturday GM Dec 2013"]
[Site "Budapest"]
[Date "2013.12.08"]
[Round "2.2"]
[White "Sean, Winshand Cuhendi"]
[Black "Kosic, Dragan"]
[Result "1-0"]
[WhiteElo "2344"]
[BlackElo "2515"]
[PlyCount "113"]
[EventDate "2013.12.07"]

1. e4 e6 2. d4 d5 3. Nc3 Nf6 4. e5 Nfd7 5. f4 c5 6. Nf3 Nc6 7. Be3 Be7 8. Qd2
b6 9. Ne2 Ba6 10. f5 exf5 11. e6 Nf6 12. Ng5 fxe6 13. Nf4 Bc8 14. Bb5 Qd6 15.
Nd3 Nd7 16. Nf3 Qc7 17. Bf4 Qb7 18. Qe2 Nd8 19. Nfe5 O-O 20. Nc6 Nf6 21. Nde5
a6 22. Nxd8 Bxd8 23. Bc6 Qa7 24. Bxa8 Qxa8 25. c3 Ne4 26. Nf3 Bd7 27. Qe3 Be7
28. Be5 Qe8 29. O-O-O Ba4 30. Rdg1 Qg6 31. Bf4 Bf6 32. g3 Rc8 33. Kb1 a5 34.
Rg2 Be8 35. h3 a4 36. a3 Qf7 37. g4 fxg4 38. hxg4 cxd4 39. cxd4 Qd7 40. g5 Bg6
41. Nh4 e5 42. gxf6 exf4 43. Qxf4 Nxf6+ 44. Nxg6 hxg6 45. Rxg6 Rf8 46. Qh6 Qf5+
47. Ka2 Ne8 48. Qh7+ Kf7 49. Rhg1 Ke7 50. Qh4+ Rf6 51. R6g5 Qd3 52. Re1+ Kd6
53. Rxg7 Kc6 54. Rg3 Qc4+ 55. Ka1 Kb7 56. Rc3 Qb5 57. Rxe8 1-0

[Event "First Saturday GM Dec 2013"]
[Site "Budapest"]
[Date "2013.12.08"]
[Round "2.3"]
[White "Arngrimsson, Dagur"]
[Black "Fodor, Tamas Jr"]
[Result "1/2-1/2"]
[WhiteElo "2378"]
[BlackElo "2461"]
[PlyCount "43"]
[EventDate "2013.12.07"]

1. d4 Nf6 2. c4 e6 3. Nc3 Bb4 4. Qc2 O-O 5. a3 Bxc3+ 6. Qxc3 b6 7. Bg5 Bb7 8.
f3 d5 9. cxd5 exd5 10. Nh3 Nbd7 11. e3 Re8 12. Bd3 h6 13. Bf4 Rc8 14. O-O Nh5
15. Bf5 c5 16. dxc5 Rxc5 17. Qd2 Ndf6 18. b4 Rc4 19. Bd3 Rc8 20. Bf5 Rc4 21.
Bd3 Rc8 22. Bf5 1/2-1/2

[Event "First Saturday GM Dec 2013"]
[Site "Budapest"]
[Date "2013.12.08"]
[Round "2.4"]
[White "Korpa, Bence"]
[Black "Nakhbayeva, Guliskhan"]
[Result "1-0"]
[WhiteElo "2356"]
[BlackElo "2277"]
[PlyCount "49"]
[EventDate "2013.12.07"]

1. c4 e5 2. g3 Nf6 3. Bg2 c6 4. d4 exd4 5. Qxd4 d5 6. Nf3 Be7 7. cxd5 cxd5 8.
O-O Nc6 9. Qa4 O-O 10. Nc3 Be6 11. Be3 Ng4 12. Bd4 Nxd4 13. Nxd4 Bc5 14. Nxe6
fxe6 15. Qxg4 Qb6 16. e3 Rac8 17. Na4 Qa6 18. Bh3 Rfe8 19. Nxc5 Rxc5 20. Rac1
Rc6 21. Rxc6 bxc6 22. Qh5 g6 23. Qe5 c5 24. e4 Qc6 25. Re1 1-0

[Event "First Saturday GM Dec 2013"]
[Site "Budapest"]
[Date "2013.12.08"]
[Round "2.5"]
[White "Petre, Nad-Titus"]
[Black "Maksimovic, Branimir"]
[Result "1-0"]
[WhiteElo "2364"]
[BlackElo "2398"]
[PlyCount "95"]
[EventDate "2013.12.07"]

1. c4 e6 2. Nf3 Nf6 3. g3 d5 4. Bg2 dxc4 5. Qa4+ c6 6. Qxc4 b5 7. Qc2 Bb7 8.
Nc3 Nbd7 9. O-O Be7 10. d4 a6 11. Rd1 c5 12. dxc5 Bxc5 13. Ng5 Bxg2 14. Kxg2
Be7 15. Nce4 Rc8 16. Qb3 Nxe4 17. Nxe4 O-O 18. Bf4 Rc4 19. Qf3 e5 20. Bxe5 Nxe5
21. Rxd8 Nxf3 22. Rxf8+ Kxf8 23. Kxf3 Rc2 24. Rb1 f5 25. Nc3 Bf6 26. Nd1 Bd4
27. Ne3 Bxe3 28. Kxe3 Ke7 29. Kd3 Rc4 30. Rd1 g5 31. Rd2 Rc1 32. Rc2 Rd1+ 33.
Ke3 Ra1 34. a3 Kd6 35. Kf3 Kd5 36. e3 Rh1 37. g4 Rxh2 38. gxf5 Rh4 39. Rc7 Ke5
40. Rc6 Kxf5 41. Rxa6 Ra4 42. Rb6 Ra5 43. e4+ Ke5 44. Ke3 g4 45. Rh6 Ra7 46.
Rh5+ Kf6 47. Rxb5 Kg6 48. Kf4 1-0

[Event "First Saturday GM Dec 2013"]
[Site "Budapest"]
[Date "2013.12.09"]
[Round "3.1"]
[White "Maksimovic, Branimir"]
[Black "Farago, Ivan"]
[Result "1/2-1/2"]
[WhiteElo "2398"]
[BlackElo "2476"]
[PlyCount "101"]
[EventDate "2013.12.07"]

1. d4 Nf6 2. c4 e6 3. Nf3 b6 4. Nc3 Bb4 5. Bg5 Bb7 6. e3 h6 7. Bh4 g5 8. Bg3
Ne4 9. Qc2 Bxc3+ 10. bxc3 d6 11. Bd3 f5 12. d5 Nd7 13. Nd4 Ndc5 14. Bxe4 fxe4
15. Nxe6 Nxe6 16. dxe6 Qf6 17. c5 bxc5 18. h4 Bc6 19. hxg5 hxg5 20. Rxh8+ Qxh8
21. Kd2 Ke7 22. Qb3 Rb8 23. Rh1 Rxb3 24. Rxh8 Rb2+ 25. Kc1 Rxa2 26. Rh7+ Kxe6
27. Rxc7 Bd7 28. Kb1 Ra6 29. f4 exf3 30. gxf3 Rb6+ 31. Ka2 a5 32. e4 Bb5 33. f4
Bc4+ 34. Ka1 gxf4 35. Bxf4 a4 36. Bg5 Ke5 37. Re7+ Be6 38. Bh4 d5 39. exd5 Kxd5
40. Rc7 Rb3 41. Be7 c4 42. Bf6 Bf5 43. Bd4 Rb5 44. Re7 Kd6 45. Ra7 Bc2 46. Ra6+
Kd5 47. Ka2 Rb8 48. Ra5+ Ke4 49. Rh5 Rb1 50. Rh2 Bd3 51. Ka3 1/2-1/2

[Event "First Saturday GM Dec 2013"]
[Site "Budapest"]
[Date "2013.12.09"]
[Round "3.2"]
[White "Nakhbayeva, Guliskhan"]
[Black "Petre, Nad-Titus"]
[Result "1/2-1/2"]
[WhiteElo "2277"]
[BlackElo "2364"]
[PlyCount "61"]
[EventDate "2013.12.07"]

1. d4 e6 2. c4 f5 3. Nf3 Nf6 4. g3 Be7 5. Bg2 O-O 6. O-O d5 7. b3 c6 8. Ba3 Ne4
9. Bxe7 Qxe7 10. Qc2 Nd7 11. Nc3 b6 12. Rac1 Bb7 13. Qb2 Rfc8 14. Rc2 Nxc3 15.
Rxc3 c5 16. cxd5 Bxd5 17. Rfc1 Qd8 18. h4 h6 19. Qd2 Nf6 20. Qe3 Ne4 21. R3c2
cxd4 22. Nxd4 Rxc2 23. Rxc2 Rc8 24. Bxe4 Bxe4 25. Rxc8 Qxc8 26. f3 Bd5 27. Kf2
Kf7 28. Nb5 Qd7 29. Nd4 Qc7 30. Nb5 Qd7 31. Nd4 1/2-1/2

[Event "First Saturday GM Dec 2013"]
[Site "Budapest"]
[Date "2013.12.09"]
[Round "3.4"]
[White "Kosic, Dragan"]
[Black "Arngrimsson, Dagur"]
[Result "1/2-1/2"]
[WhiteElo "2515"]
[BlackElo "2378"]
[PlyCount "84"]
[EventDate "2013.12.07"]

1. d4 d5 2. Nf3 Nf6 3. c4 c6 4. e3 Bf5 5. Nc3 e6 6. Nh4 Bg6 7. Nxg6 hxg6 8. a3
Nbd7 9. g3 Bd6 10. Qe2 dxc4 11. Qxc4 e5 12. Bg2 Qe7 13. O-O O-O 14. Qb3 Rab8
15. Bd2 Rfe8 16. Rae1 Nb6 17. dxe5 Bxe5 18. e4 Rbd8 19. Re2 Nfd7 20. f4 Bd4+
21. Kh1 Nc5 22. Qc2 Qe6 23. b4 Nb3 24. Be1 Qc4 25. Nb1 Be3 26. e5 Nd4 27. Qxc4
Nxc4 28. Ra2 g5 29. Nc3 gxf4 30. gxf4 Ne6 31. Ne2 Bb6 32. Bg3 Rd3 33. a4 Ne3
34. Re1 Nxg2 35. Kxg2 Rb3 36. a5 Bc7 37. a6 bxa6 38. Rc1 Rxb4 39. Rxc6 Bb6 40.
f5 Nc5 41. Nc3 Rd4 42. Rd6 Nb7 1/2-1/2

[Event "First Saturday GM Dec 2013"]
[Site "Budapest"]
[Date "2013.12.09"]
[Round "3.5"]
[White "Hujbert, Florian"]
[Black "Sean, Winshand Cuhendi"]
[Result "0-1"]
[WhiteElo "2454"]
[BlackElo "2344"]
[PlyCount "128"]
[EventDate "2013.12.07"]

1. d4 Nf6 2. Nf3 g6 3. c4 Bg7 4. g3 d6 5. Bg2 O-O 6. Nc3 Nc6 7. O-O a6 8. e4
Bg4 9. Be3 Qd7 10. Qd2 Bxf3 11. Bxf3 Ng4 12. Bxg4 Qxg4 13. f3 Qd7 14. Rad1 f5
15. f4 e6 16. exf5 Rxf5 17. Qg2 d5 18. g4 Rf7 19. cxd5 exd5 20. Nxd5 Rd8 21.
Nc3 Nxd4 22. Kh1 Qc6 23. Qxc6 Nxc6 24. Rxd8+ Nxd8 25. Kg2 Ne6 26. f5 gxf5 27.
gxf5 Nd4 28. f6 Rxf6 29. Rxf6 Bxf6 30. Ne4 Be5 31. Nc5 Nf5 32. Bf2 Nd6 33. b3
Kf7 34. h3 Kg6 35. Ne6 Ne4 36. Be3 Kf6 37. Nc5 Nxc5 38. Bxc5 Ke6 39. Kf3 Kd5
40. Be3 h5 41. Ke2 Ke4 42. a4 Bc3 43. Bg5 Bb4 44. Bh6 c6 45. Bg5 Bd6 46. Bc1
Bf4 47. Bb2 Be3 48. Bg7 Bd4 49. Bh6 Bc3 50. Be3 b5 51. axb5 cxb5 52. Bh6 a5 53.
Be3 a4 54. bxa4 bxa4 55. Bc5 Kd5 56. Be7 Kc4 57. Kd1 Bb4 58. Bf6 Kb3 59. Kc1 a3
60. Kb1 Bc3 61. Bxc3 Kxc3 62. h4 Kd3 63. Ka2 Ke3 64. Kxa3 Kf3 0-1

[Event "First Saturday GM Dec 2013"]
[Site "Budapest"]
[Date "2013.12.10"]
[Round "4.2"]
[White "Arngrimsson, Dagur"]
[Black "Hujbert, Florian"]
[Result "1/2-1/2"]
[WhiteElo "2378"]
[BlackElo "2454"]
[PlyCount "83"]
[EventDate "2013.12.07"]

1. d4 e6 2. c4 Bb4+ 3. Bd2 a5 4. Nf3 d6 5. Nc3 Nf6 6. e3 O-O 7. Be2 b6 8. O-O
Bb7 9. Rc1 Nbd7 10. Nb5 Qb8 11. a3 Bxd2 12. Nxd2 Re8 13. Qc2 e5 14. Rfe1 c6 15.
Nc3 c5 16. d5 Ba6 17. e4 h5 18. Nf1 g6 19. Qd2 Qd8 20. Ne3 Nh7 21. Bd1 Rf8 22.
Rf1 Qg5 23. Ba4 Ndf6 24. Bb5 Bc8 25. f3 Rb8 26. Qf2 h4 27. f4 exf4 28. Qxf4 Nh5
29. Qxg5 Nxg5 30. Rce1 f6 31. Ba4 Ng7 32. Ned1 Ba6 33. Bb5 Bxb5 34. Nxb5 Ne8
35. Nf2 Rb7 36. a4 Re7 37. b3 Kg7 38. Re2 Rh8 39. h3 Rf8 40. Rfe1 Nf7 41. Nd3
g5 42. Re3 1/2-1/2

[Event "First Saturday GM Dec 2013"]
[Site "Budapest"]
[Date "2013.12.10"]
[Round "4.3"]
[White "Korpa, Bence"]
[Black "Kosic, Dragan"]
[Result "1/2-1/2"]
[WhiteElo "2356"]
[BlackElo "2515"]
[PlyCount "87"]
[EventDate "2013.12.07"]

1. e4 e6 2. d4 d5 3. Nc3 Nf6 4. e5 Nfd7 5. f4 c5 6. Nf3 Nc6 7. Be3 Be7 8. Qd2
O-O 9. Be2 a6 10. O-O b5 11. a3 Qb6 12. Nd1 f5 13. exf6 Nxf6 14. c3 Ne4 15. Qd3
Bd7 16. Nf2 c4 17. Qc2 Nxf2 18. Rxf2 Be8 19. Qd2 Bg6 20. Ne5 Nxe5 21. dxe5 Bc5
22. Bxc5 Qxc5 23. Rd1 a5 24. Qd4 Qxd4 25. Rxd4 Ra6 26. g4 Be4 27. a4 Rb6 28.
axb5 Rc8 29. f5 Kf7 30. Rf4 Rxb5 31. Bxc4 Rxc4 32. Rxc4 dxc4 33. Rxe4 Rxb2 34.
Rxc4 Rb5 35. Rc7+ Kf8 36. f6 gxf6 37. exf6 Rg5 38. Rxh7 Rxg4+ 39. Kf2 Rc4 40.
Re7 Rxc3 41. Rxe6 Kf7 42. Ra6 Rh3 43. Rxa5 Rxh2+ 44. Kg3 1/2-1/2

[Event "First Saturday GM Dec 2013"]
[Site "Budapest"]
[Date "2013.12.10"]
[Round "4.4"]
[White "Petre, Nad-Titus"]
[Black "Fodor, Tamas Jr"]
[Result "1/2-1/2"]
[WhiteElo "2364"]
[BlackElo "2461"]
[PlyCount "42"]
[EventDate "2013.12.07"]

1. d4 Nf6 2. Bf4 d5 3. e3 c5 4. Nc3 e6 5. Nb5 Na6 6. c3 Be7 7. h3 O-O 8. Nf3
Bd7 9. a4 c4 10. b3 Qa5 11. Nd2 cxb3 12. Nxb3 Qb6 13. Bd3 Rfc8 14. O-O Nb8 15.
a5 Qd8 16. Nd6 Bxd6 17. Bxd6 Bb5 18. Bxb8 Bxd3 19. Qxd3 Raxb8 20. Rfc1 Qc7 21.
Nd2 b5 1/2-1/2

[Event "First Saturday GM Dec 2013"]
[Site "Budapest"]
[Date "2013.12.10"]
[Round "4.5"]
[White "Maksimovic, Branimir"]
[Black "Nakhbayeva, Guliskhan"]
[Result "0-1"]
[WhiteElo "2398"]
[BlackElo "2277"]
[PlyCount "89"]
[EventDate "2013.12.07"]

1. d4 Nf6 2. c4 e6 3. Nf3 d5 4. g3 dxc4 5. Bg2 Bb4+ 6. Bd2 a5 7. Qc2 Bxd2+ 8.
Qxd2 c6 9. a4 Ne4 10. Qe3 Nd6 11. Na3 Na6 12. O-O Nb4 13. Rfc1 Nd5 14. Qd2 b5
15. Ne5 Bb7 16. e4 Nb4 17. Nc2 Nxc2 18. Qxc2 O-O 19. b3 f6 20. Nf3 Rb8 21. Nd2
Ba6 22. Rd1 Qc7 23. Nf1 b4 24. e5 fxe5 25. dxe5 Nf5 26. Qe2 c5 27. Qg4 Nd4 28.
Rxd4 cxd4 29. Qxe6+ Kh8 30. Qxa6 d3 31. Be4 Qxe5 32. Bxd3 cxd3 33. Qxd3 Rfe8
34. Rd1 Qc3 35. Qd5 h6 36. Ne3 Rbd8 37. Qh5 Qxb3 38. Rxd8 Rxd8 39. Qxa5 Qb1+
40. Kg2 Qe4+ 41. Kh3 Rf8 42. Qb6 Rxf2 43. a5 Kh7 44. a6 Rf6 45. Qc5 0-1

[Event "First Saturday GM Dec 2013"]
[Site "Budapest"]
[Date "2013.12.11"]
[Round "5.1"]
[White "Nakhbayeva, Guliskhan"]
[Black "Farago, Ivan"]
[Result "1-0"]
[WhiteElo "2277"]
[BlackElo "2476"]
[PlyCount "65"]
[EventDate "2013.12.07"]

1. d4 Nf6 2. c4 e6 3. Nc3 Bb4 4. e3 O-O 5. Bd3 d5 6. Nf3 Nc6 7. O-O a6 8. a4
dxc4 9. Bxc4 Bd6 10. e4 e5 11. d5 Ne7 12. Ne1 h6 13. g3 Bh3 14. Ng2 c6 15. dxc6
Nxc6 16. Be3 Rc8 17. Qd3 Nd4 18. Rac1 b5 19. Bd5 Bc5 20. Kh1 Qd7 21. f4 Nxd5
22. Nxd5 Bg4 23. fxe5 Be2 24. Qd2 Bxf1 25. Rxf1 Qa7 26. Bxh6 f5 27. exf6 gxh6
28. b4 Bd6 29. e5 Bxe5 30. Qxh6 Rce8 31. Qg6+ Kh8 32. f7 Re6 33. Nf6 1-0

[Event "First Saturday GM Dec 2013"]
[Site "Budapest"]
[Date "2013.12.11"]
[Round "5.2"]
[White "Fodor, Tamas Jr"]
[Black "Maksimovic, Branimir"]
[Result "1-0"]
[WhiteElo "2461"]
[BlackElo "2398"]
[PlyCount "101"]
[EventDate "2013.12.07"]

1. d4 e6 2. c4 Bb4+ 3. Bd2 a5 4. Nf3 Nf6 5. g3 d5 6. Bg2 dxc4 7. a3 Bxd2+ 8.
Nbxd2 b5 9. O-O Bb7 10. Qc2 a4 11. e4 Nbd7 12. e5 Nd5 13. Ne4 h6 14. Nfd2 O-O
15. Rae1 Rb8 16. f4 Ne7 17. Rf2 c5 18. Nxc5 Nxc5 19. dxc5 Bxg2 20. Kxg2 Qc7 21.
Ne4 Rfd8 22. Rd2 Rxd2+ 23. Qxd2 Rd8 24. Qf2 Rd3 25. Re3 Rd4 26. Re2 Nf5 27. Kh3
Qc6 28. Qg2 Ne7 29. Qf3 Qd5 30. Qg2 Kh8 31. Nd6 Qxc5 32. Qa8+ Kh7 33. Nxf7 Ng6
34. Kg2 Rd1 35. Qf3 Qg1+ 36. Kh3 Kg8 37. f5 Kxf7 38. fxg6+ Kxg6 39. Rf2 Qe1 40.
Qg4+ Kh7 41. Rf7 Qxe5 42. Qxd1 Qxb2 43. Rf1 Qxa3 44. Qb1+ Qd3 45. Qxd3+ cxd3
46. Kg4 Kg6 47. Kf4 Kh5 48. h3 b4 49. Ke3 a3 50. Kxd3 Kg5 51. Kc4 1-0

[Event "First Saturday GM Dec 2013"]
[Site "Budapest"]
[Date "2013.12.11"]
[Round "5.3"]
[White "Kosic, Dragan"]
[Black "Petre, Nad-Titus"]
[Result "1/2-1/2"]
[WhiteElo "2515"]
[BlackElo "2364"]
[PlyCount "37"]
[EventDate "2013.12.07"]

1. d4 Nf6 2. Nf3 g6 3. c4 Bg7 4. Nc3 d5 5. Qa4+ c6 6. cxd5 Nxd5 7. e4 Nb6 8.
Qd1 Bg4 9. Be3 e5 10. dxe5 N8d7 11. e6 Bxe6 12. Bd4 O-O 13. Bxg7 Kxg7 14. Qd4+
Nf6 15. O-O-O Qxd4 16. Nxd4 Ng4 17. Rd2 Rad8 18. f3 Ne3 19. b3 1/2-1/2

[Event "First Saturday GM Dec 2013"]
[Site "Budapest"]
[Date "2013.12.11"]
[Round "5.4"]
[White "Hujbert, Florian"]
[Black "Korpa, Bence"]
[Result "1/2-1/2"]
[WhiteElo "2454"]
[BlackElo "2356"]
[PlyCount "94"]
[EventDate "2013.12.07"]

1. Nf3 Nf6 2. c4 c6 3. Nc3 d5 4. e3 Bf5 5. cxd5 cxd5 6. Qb3 Bc8 7. Bb5+ Nc6 8.
Nd4 Bd7 9. Nxd5 Nxd5 10. Qxd5 e6 11. Qb3 Nxd4 12. exd4 Bxb5 13. Qxb5+ Qd7 14.
Qxd7+ Kxd7 15. Ke2 Rc8 16. b3 Bb4 17. Kd3 Rc6 18. Bb2 Rhc8 19. Rac1 Rxc1 20.
Bxc1 g6 21. Bb2 Bf8 22. a4 Rc6 23. Bc3 h5 24. b4 Rd6 25. b5 Rd5 26. f3 Bd6 27.
g4 Ke7 28. h3 Kf6 29. Ke4 Kg5 30. h4+ Kh6 31. g5+ Kg7 32. d3 Kf8 33. Bd2 Ke7
34. Rc1 Kd7 35. Rc4 Rf5 36. f4 Bc7 37. Rc5 Bd6 38. Rc4 Kd8 39. Rc1 Kd7 40. Rc2
Kd8 41. Be3 Kd7 42. Bc1 Kd8 43. Bd2 Kd7 44. Be3 Kd8 45. Bd2 Kd7 46. Be3 Kd8 47.
Bd2 Kd7 1/2-1/2

[Event "First Saturday GM Dec 2013"]
[Site "Budapest"]
[Date "2013.12.11"]
[Round "5.5"]
[White "Sean, Winshand Cuhendi"]
[Black "Arngrimsson, Dagur"]
[Result "1/2-1/2"]
[WhiteElo "2344"]
[BlackElo "2378"]
[PlyCount "235"]
[EventDate "2013.12.07"]

1. e4 e5 2. Nf3 Nc6 3. Bb5 a6 4. Ba4 Nf6 5. O-O Be7 6. d3 b5 7. Bb3 d6 8. a3
O-O 9. Nc3 Bb7 10. Nd5 Nxd5 11. Bxd5 Bf6 12. Be3 Qc8 13. c3 Ne7 14. Bb3 c5 15.
Qe2 d5 16. exd5 Nxd5 17. Bxd5 Bxd5 18. c4 bxc4 19. dxc4 Bc6 20. Ne1 Rb8 21. b4
cxb4 22. axb4 Rd8 23. Bc5 Qb7 24. Ra3 Rd7 25. Qg4 Rbd8 26. Nc2 h5 27. Qh3 g6
28. Ne3 Rd2 29. Rfa1 Bd7 30. Qf3 Qxf3 31. gxf3 e4 32. Re1 exf3 33. Nd5 Bb2 34.
Rxf3 Be6 35. Be7 Bxd5 36. cxd5 R8xd5 37. Bf6 Bxf6 38. Rxf6 Rd6 39. Re8+ Kg7 40.
Rxd6 Rxd6 41. Rb8 Kh6 42. Kg2 h4 43. b5 Kg5 44. bxa6 Rxa6 45. Rb5+ f5 46. Rb4
Ra3 47. h3 Kh5 48. Rb8 Kh6 49. Rb6 Ra4 50. Rb5 Rf4 51. Rb6 Kh5 52. Rf6 Kg5 53.
Rc6 Re4 54. Ra6 Kh5 55. Rf6 Kh6 56. Rc6 Kg7 57. Ra6 Kf7 58. Kf3 g5 59. Kg2 Re6
60. Ra8 Rd6 61. Ra5 Ke6 62. Ra8 Ke5 63. Rg8 Kf4 64. Rh8 Rd4 65. Rh5 Rd7 66. Rh8
Ke5 67. Rh5 Kf6 68. Rh6+ Kg7 69. Ra6 Rd4 70. Ra7+ Kg6 71. Ra6+ Kh5 72. Rf6 Rd5
73. f3 Rd2+ 74. Kg1 Rd5 75. Kg2 Rb5 76. Kg1 Re5 77. Kg2 Re2+ 78. Kg1 f4 79. Ra6
Re7 80. Kf2 Rg7 81. Kg2 Rg6 82. Ra2 Rd6 83. Ra5 Kg6 84. Kf2 Rd2+ 85. Kg1 Kf6
86. Rb5 Re2 87. Ra5 Re5 88. Ra4 Ke6 89. Rd4 Rd5 90. Re4+ Kd6 91. Ra4 Rd1+ 92.
Kg2 Rd2+ 93. Kg1 Kd5 94. Re4 Rd4 95. Re2 Kc4 96. Kf2 Kc3 97. Re5 Rd2+ 98. Kg1
Kd3 99. Rxg5 Ke3 100. Rg4 Kxf3 101. Rxh4 Rd1+ 102. Kh2 Ke3 103. Rh8 f3 104.
Re8+ Kf2 105. h4 Re1 106. Rf8 Ke2 107. h5 f2 108. Kg3 f1=Q 109. Rxf1 Rxf1 110.
Kg4 Ke3 111. h6 Ke4 112. Kg5 Ke5 113. h7 Rh1 114. Kg6 Ke6 115. Kg7 Rg1+ 116.
Kf8 Rf1+ 117. Kg8 Rg1+ 118. Kf8 1/2-1/2

[Event "First Saturday GM Dec 2013"]
[Site "Budapest"]
[Date "2013.12.13"]
[Round "6.1"]
[White "Farago, Ivan"]
[Black "Arngrimsson, Dagur"]
[Result "1/2-1/2"]
[WhiteElo "2476"]
[BlackElo "2378"]
[PlyCount "46"]
[EventDate "2013.12.07"]

1. d4 d5 2. c4 c6 3. e3 Nf6 4. Nc3 g6 5. Nf3 Bg7 6. Be2 O-O 7. O-O b6 8. b4 Ne4
9. Bb2 Nxc3 10. Bxc3 dxc4 11. Bxc4 Bb7 12. Qe2 Nd7 13. Rac1 a6 14. Rfd1 e6 15.
e4 Qe7 16. d5 exd5 17. exd5 Qxe2 18. Bxe2 Bxc3 19. dxc6 Bxc6 20. Rxc3 Ba4 21.
Rdc1 Nf6 22. Bd1 Bxd1 23. Rxd1 Rfd8 1/2-1/2

[Event "First Saturday GM Dec 2013"]
[Site "Budapest"]
[Date "2013.12.13"]
[Round "6.2"]
[White "Korpa, Bence"]
[Black "Sean, Winshand Cuhendi"]
[Result "1-0"]
[WhiteElo "2356"]
[BlackElo "2344"]
[PlyCount "89"]
[EventDate "2013.12.07"]

1. c4 g6 2. g3 Bg7 3. Bg2 Nf6 4. Nf3 d6 5. d4 O-O 6. O-O Nc6 7. Nc3 a6 8. h3
Bf5 9. d5 Na5 10. Nd4 Bd7 11. b3 c5 12. dxc6 Nxc6 13. Nxc6 Bxc6 14. Bxc6 bxc6
15. Bb2 Qd7 16. Kg2 Ne4 17. Qc2 Nxc3 18. Bxc3 Bxc3 19. Qxc3 c5 20. e4 f5 21.
exf5 Rxf5 22. Rae1 Raf8 23. Qe3 Re5 24. Qd3 Qb7+ 25. f3 Rff5 26. Qc3 Qb4 27.
Qc1 Qa5 28. g4 Qxa2+ 29. Kg3 Rxe1 30. Rxe1 Rf7 31. Qc3 h5 32. Re6 Rg7 33. Qd3
Kf7 34. Qe4 h4+ 35. Kxh4 Qf2+ 36. Kg5 Kf8 37. Rxg6 Qd4 38. Qf5+ Kg8 39. Kh6
Qe3+ 40. g5 Qd4 41. Qc8+ Kf7 42. Rf6+ exf6 43. Qd7+ Kf8 44. Qxg7+ Ke8 45. Qxf6
1-0

[Event "First Saturday GM Dec 2013"]
[Site "Budapest"]
[Date "2013.12.13"]
[Round "6.3"]
[White "Petre, Nad-Titus"]
[Black "Hujbert, Florian"]
[Result "1/2-1/2"]
[WhiteElo "2364"]
[BlackElo "2454"]
[PlyCount "67"]
[EventDate "2013.12.07"]

1. c4 b6 2. Nf3 Bb7 3. g3 Nf6 4. Bg2 g6 5. O-O Bg7 6. Nc3 O-O 7. d4 Ne4 8. Nxe4
Bxe4 9. Bg5 c5 10. Qd2 cxd4 11. Nxd4 Bxg2 12. Kxg2 Qc8 13. Rac1 Qb7+ 14. Kg1 d6
15. b3 a6 16. Bh6 Rc8 17. Bxg7 Kxg7 18. Qg5 Rc5 19. Qh4 Rh5 20. Qf4 Nd7 21. Nf3
Rc5 22. Qd4+ Kg8 23. Rfd1 Rac8 24. Ne1 R5c7 25. Nd3 Nf6 26. Qe3 h5 27. Qd4 Kh7
28. Qf4 Kg7 29. h3 Kg8 30. Qe3 Ne4 31. Nb4 Nf6 32. Nd3 Rc6 33. Qf3 R6c7 34. Qe3
1/2-1/2

[Event "First Saturday GM Dec 2013"]
[Site "Budapest"]
[Date "2013.12.13"]
[Round "6.4"]
[White "Maksimovic, Branimir"]
[Black "Kosic, Dragan"]
[Result "1/2-1/2"]
[WhiteElo "2398"]
[BlackElo "2515"]
[PlyCount "34"]
[EventDate "2013.12.07"]

1. Nf3 c5 2. c4 Nc6 3. Nc3 g6 4. g3 Bg7 5. Bg2 Nf6 6. O-O O-O 7. d4 cxd4 8.
Nxd4 Nxd4 9. Qxd4 d6 10. Qd3 Bf5 11. e4 Be6 12. Bd2 Nd7 13. b3 a6 14. Rac1 b5
15. cxb5 Nc5 16. Qe2 axb5 17. Rc2 b4 1/2-1/2

[Event "First Saturday GM Dec 2013"]
[Site "Budapest"]
[Date "2013.12.13"]
[Round "6.5"]
[White "Nakhbayeva, Guliskhan"]
[Black "Fodor, Tamas Jr"]
[Result "0-1"]
[WhiteElo "2277"]
[BlackElo "2461"]
[PlyCount "102"]
[EventDate "2013.12.07"]

1. d4 d5 2. Nf3 Nf6 3. c4 c6 4. e3 e6 5. b3 Bb4+ 6. Nbd2 Nbd7 7. Qc2 Ne4 8. a3
Bc3 9. Rb1 f5 10. Bd3 O-O 11. O-O Ba5 12. b4 Bc7 13. Bb2 Rf6 14. Ne5 Nxe5 15.
dxe5 Nxd2 16. Qxd2 Rh6 17. Qc2 Bb6 18. c5 Qh4 19. h3 Bc7 20. f4 Bd7 21. Bd4 a6
22. a4 g5 23. fxg5 Qxg5 24. Rf3 Be8 25. Qb2 Bh5 26. Rf4 Rg6 27. Qf2 Rg7 28. Kh2
Kh8 29. Rb2 Rag8 30. Kh1 Qh6 31. Bf1 Bd8 32. b5 axb5 33. axb5 Bg5 34. bxc6 bxc6
35. Rb6 Bxf4 36. exf4 Be8 37. Qd2 Ra7 38. Ba6 Bd7 39. Kh2 Qg6 40. Qf2 Be8 41.
Qf3 Rag7 42. Bf1 Qh6 43. Bf2 Ra7 44. Bg3 Ra2 45. Qe3 Qg6 46. Qf3 Qh6 47. Qb3
Ra1 48. Qf3 Kg7 49. Qf2 Kf8 50. Rb7 Rg4 51. Rb8 Ra3 0-1